000 00735pam a2200229 a 4500
001 2141071
005 20180119090048.0
008 980130s1999 njua b 001 0 eng
010 _a 98009789
020 _a0139130136
040 _aDLC
_cDLC
_dDLC
041 _aeng
080 _a370.15 RIC
082 0 0 _a370.15 RIC
_221
100 1 _a47
101 _aEDU
245 1 4 _aThe promise of educational psychology :
_cRichard E. Mayer.
504 _aIncludes bibliographical references (p. 252-271) and indexes.
906 _a7
_bcbc
_corignew
_d1
_eocip
_f19
_gy-gencatlg
942 _2ddc
_cBK
999 _c40617
_d40617